000 00987nam a22003137a 4500
001 BR0903901
003 BR-BrBNA
005 20230928103054.0
007 ta
008 230509b bl.||||| |||| 00| 0 por d
040 _aBR-BrBNA
_bpor
_cBiblioteca Nacional de Agricultura
041 _a(Por)
072 _aF06; F04
_b0230
090 _ 0230 BR0903901
100 1 _aOliveira, E.L. de
110 1 _aUniversidade Federal de Lavras, MG (Brasil)
_0Tese (Doutorado)
245 1 _aAplicação de vinhaça de alambique com e sem complementação nitrogenada em cana-soca irrigada e não irrigada
260 3 _aLavras, MG (Brasil):
_c2009.
300 _a71 p.
500 _aSummaries (Eng, Por); Bibliography p. 59-71; 10 illus.; 15 tables
650 _aCANA DE AÇÚCAR
650 _aVINHAÇA
650 _aFERTILIZANTE NITROGENADO
650 _aADUBAÇÃO
650 _aIRRIGAÇÃO
650 _aRESÍDUO INDUSTRIAL
909 _a202309
_bLucia
_c55
_dLucia Elande
942 _cBK
999 _c73597
_d73597